Software testing: principles and practices (Record no. 5128)

MARC details
000 -LEADER
fixed length control field 00457nam a22001697a 4500
005 - DATE AND TIME OF LATEST TRANSACTION
control field 20180206121238.0
008 - FIXED-LENGTH DATA ELEMENTS--GENERAL INFORMATION
fixed length control field 160701b xxu||||| |||| 00| 0 eng d
020 ## - INTERNATIONAL STANDARD BOOK NUMBER
ISBN 978-81-775-8121-8
041 ## - LANGUAGE CODE
Language code of text/sound track or separate title eng
082 ## - DEWEY DECIMAL CLASSIFICATION NUMBER
Item number 20787
Classification number 005.14
100 ## - MAIN ENTRY--AUTHOR NAME
Personal name Desikan, Srinivasan and Ramesh, Gopalaswamy
245 ## - TITLE STATEMENT
Title Software testing: principles and practices
260 ## - PUBLICATION, DISTRIBUTION, ETC. (IMPRINT)
Name of publisher Pearson
Year of publication 2013
300 ## - PHYSICAL DESCRIPTION
Number of Pages 480
650 ## - SUBJECT ADDED ENTRY--TOPICAL TERM
Topical Term Information Technology
942 ## - ADDED ENTRY ELEMENTS (KOHA)
Koha item type Books
Holdings
Lost status Damaged status Collection code Home library Current library Shelving location Date acquired Cost, normal purchase price Full call number Accession Number Koha item type
    CS/IT JRU Library   SHELF-52-B 01/07/2016 425.00 005.14 20787 Books
    CS/IT JRU Library JRU Library SHELF-50-C 01/07/2016 425.00 20789 20788 Books
    CS/IT JRU Library JRU Library SHELF-50-C 01/07/2016 425.00 20789 20789 Books